Feedback control system analysis and synthesis
Na minha lista:
| Principais autores: | , |
|---|---|
| Formato: | Livro |
| Idioma: | inglês |
| Publicado em: |
Nueva York
McGraw-Hill
1960
|
| Assuntos: | |
| Tags: |
Adicionar Tag
Sem tags, seja o primeiro a adicionar uma tag!
|
MARC
| LEADER | 00000nam a2200000 a 4500 | ||
|---|---|---|---|
| 001 | UCU6695 | ||
| 003 | CL-VaPUC | ||
| 008 | 960621e19600000US |||||||||||||||||eng|d | ||
| 082 | 0 | 4 | |a 629.83 |b DAZ |2 21 |
| 100 | 0 | |a D'Azzo, John Joachim |e author |9 365016 | |
| 700 | |a Houpis, Constantine H |e author |9 365017 | ||
| 245 | 1 | 0 | |a Feedback control system analysis and synthesis |
| 300 | |a 580 p | ||
| 942 | |c BK | ||
| 945 | |d 19960621 00:00:00 |a paguirre | ||
| 260 | |a Nueva York |b McGraw-Hill |c 1960 | ||
| 650 | 0 | |a Control automático |9 259890 | |
| 650 | 0 | |a Ecuaciones diferenciales |9 260083 | |
| 650 | 7 | |a CONTROL DE SISTEMAS |2 CL-VaPUC |9 352951 | |
| 650 | 7 | |a REALIMENTACION |2 CL-VaPUC |9 361754 | |
| 583 | |a last modification |c 19960621 00:00:00 |k Rodrigo Vera | ||
| 999 | |c 249521 |d 249519 | ||
| 952 | |0 0 |1 0 |4 0 |6 629_830000000000000_DAZ_1960 |7 0 |8 A |9 266804 |a BIBING |b BIBING |d 2019-11-19 |i 1687522 |o 629.83 DAZ 1960 |p 1687522 |r 2025-01-20 |w 2019-11-19 |y BK |k EIQ | ||